Signal Processing Toolbox, for use with MATLAB (Record no. 301173)
[ view plain ]
| 000 -LEADER | |
|---|---|
| fixed length control field | 00338 a2200121 4500 |
| 001 - CONTROL NUMBER | |
| control field | 66100 |
| 082 ## - DEWEY DECIMAL CLASSIFICATION NUMBER | |
| Classification number | 621.38043KRA |
| 090 ## - LOCALLY ASSIGNED LC-TYPE CALL NUMBER (OCLC); LOCAL CALL NUMBER (RLIN) | |
| -- | 38407 |
| -- | 38407 |
| 100 ## - MAIN ENTRY--PERSONAL NAME | |
| Personal name | Krauss, Thomas P |
| 245 ## - TITLE STATEMENT | |
| Title | Signal Processing Toolbox, for use with MATLAB |
| Remainder of title | new features guide |
| 260 ## - PUBLICATION, DISTRIBUTION, ETC. | |
| Place of publication, distribution, etc. | Natick, MA |
| Name of publisher, distributor, etc. | The Math works Inc |
| Date of publication, distribution, etc. | 1994 |
| 300 ## - PHYSICAL DESCRIPTION | |
| Extent | page varies |
| 942 ## - ADDED ENTRY ELEMENTS (KOHA) | |
| Institution code [OBSOLETE] | NUST-CAE |
| Call number prefix | 621.38043KRA |
| Withdrawn status | Lost status | Damaged status | Not for loan | Collection code | Permanent Location | Current Location | Date acquired | Total Checkouts | Full call number | Barcode | Date last seen | Price effective from | Koha item type |
|---|---|---|---|---|---|---|---|---|---|---|---|---|---|
| College of Aeronautical Engineering (CAE) | College of Aeronautical Engineering (CAE) | 04/03/2017 | 621.38043KRA | CAEN-324 | 04/05/2017 | 04/05/2017 | Book | ||||||
| College of Aeronautical Engineering (CAE) | College of Aeronautical Engineering (CAE) | 04/03/2017 | 621.38043KRA | CAEN-326 | 04/05/2017 | 04/05/2017 | Book | ||||||
| College of Aeronautical Engineering (CAE) | College of Aeronautical Engineering (CAE) | 04/03/2017 | 621.38043KRA | CAEN-325 | 04/05/2017 | 04/05/2017 | Book |
